000 00804nam a2200301Ia 4500
001 Z_2636
003 CHAP
008 220113s1972 xx 000 0 und d
010 _a165696
040 _cCHAP
082 _a591.972 L46
100 _aLeopold, Aldo Starker
_966233
245 _aWildlife of Mexico : the game, birds and mammals /
_cpor Aldo Starker Leopold
260 _aBerkeley :
_bUniversity of California,
_c1972
300 _a568 p.
440 _a
500 _a
503 _a
650 _aAves de caza
_xMéxico
_9139646
650 _aMamíferos
_xMéxico I. Instituto Mexicano de Recursos Naturales Renovables
_9139647
650 _aMéxico
_xZoología
_9139648
901 _a591.972 L46
902 _aA
910 _a1972
942 _c1
942 _cc1
999 _c165696
_d165696